[Event "DEM U10w 2021"]
[Site "Willingen GER"]
[Date "2021.08.23"]
[Round "2"]
[White "Borck, Elena"]
[Black "Fruth, Julia"]
[Result "0-1"]
[Termination "normal"]
[Board "15"]
[WhiteElo "775"]
[BlackElo "1007"]
[WhiteClock "01:10:33"]
[BlackClock "00:52:44"]
[PlyCount "68"]
[WhiteFideId "16275446"]
[BlackFideId "34603050"]
[EventCountry "GER"]
[EventRounds "11"]
[EventType "swiss"]
[EventDate "2021.08.22"]

1. e4 {[%clk 01:15:58]} {[%emt 00:00:02]} c5 {[%clk 01:15:54]} {[%emt
00:00:06]} 2. Bb5 {[%clk 01:15:07]} {[%emt 00:01:20]} a6 {[%clk 01:15:31]}
{[%emt 00:00:52]} 3. Bc4 {[%emt 00:00:10]} d6 {[%clk 01:15:36]} {[%emt
00:00:23]} 4. Nf3 {[%clk 01:15:46]} {[%emt 00:00:15]} Nf6 {[%clk 01:15:41]}
{[%emt 00:00:22]} 5. d3 {[%clk 01:16:00]} {[%emt 00:00:20]} e6 {[%clk
01:15:37]} {[%emt 00:00:32]} 6. Nc3 {[%clk 01:14:12]} {[%emt 00:02:18]} b5
{[%clk 01:13:36]} {[%emt 00:02:29]} 7. Bb3 {[%clk 01:14:19]} {[%emt 00:00:26]}
a5 {[%clk 01:11:06]} {[%emt 00:03:00]} 8. O-O {[%clk 01:13:26]} {[%emt
00:01:22]} a4 {[%clk 01:11:12]} {[%emt 00:00:12]} 9. Nd5 {[%clk 01:13:38]}
{[%emt 00:00:31]} axb3 {[%clk 01:10:30]} {[%emt 00:01:10]} 10. cxb3 {[%clk
01:13:35]} {[%emt 00:00:34]} exd5 {[%clk 01:10:40]} {[%emt 00:00:20]} 11. Re1
{[%clk 01:13:02]} {[%emt 00:01:03]} dxe4 {[%clk 01:10:21]} {[%emt 00:00:49]}
12. dxe4 {[%clk 01:13:00]} {[%emt 00:00:34]} Be7 {[%clk 01:10:22]} {[%emt
00:00:27]} 13. e5 {[%clk 01:12:56]} {[%emt 00:00:35]} dxe5 {[%clk 01:09:50]}
{[%emt 00:01:01]} 14. Nxe5 {[%clk 01:13:13]} {[%emt 00:00:14]} Qxd1 {[%clk
01:09:44]} {[%emt 00:00:17]} 15. Rxd1 {[%clk 01:13:40]} {[%emt 00:00:22]} O-O
{[%clk 01:09:50]} {[%emt 00:00:23]} 16. a3 {[%clk 01:13:40]} {[%emt 00:00:30]}
Rd8 {[%clk 01:09:37]} {[%emt 00:00:43]} 17. Bd2 {[%clk 01:13:53]} {[%emt
00:00:17]} Ne4 {[%clk 01:09:20]} {[%emt 00:00:46]} 18. Bf4 {[%clk 01:13:55]}
{[%emt 00:00:30]} Ra6 {[%clk 01:07:18]} {[%emt 00:02:32]} 19. a4 {[%clk
01:13:00]} {[%emt 00:01:25]} Rad6 {[%clk 01:07:31]} {[%emt 00:00:15]} 20. Rdc1
{[%clk 01:12:49]} {[%emt 00:00:42]} Bg5 {[%clk 01:04:24]} {[%emt 00:03:36]} 21.
Be3 {[%clk 01:12:20]} {[%emt 00:00:58]} Bxe3 {[%clk 01:04:13]} {[%emt
00:00:42]} 22. fxe3 {[%clk 01:12:41]} {[%emt 00:00:11]} f6 {[%clk 01:02:32]}
{[%emt 00:00:47]} 23. h3 {[%clk 01:12:10]} {[%emt 00:02:25]} fxe5 {[%clk
01:02:06]} {[%emt 00:00:55]} 24. Rc2 {[%clk 01:11:59]} {[%emt 00:00:41]} Rd1+
{[%clk 01:01:57]} {[%emt 00:00:39]} 25. Rxd1 {[%clk 01:11:28]} {[%emt
00:01:02]} Rxd1+ {[%clk 00:59:00]} {[%emt 00:03:26]} 26. Kh2 {[%emt 00:03:33]}
Re1 {[%clk 00:56:09]} 27. g3 {[%clk 01:11:44]} {[%emt 00:00:31]} Bb7 {[%clk
00:56:16]} {[%emt 00:00:23]} 28. g4 {[%clk 01:11:24]} {[%emt 00:00:49]} Ng5
{[%clk 00:55:45]} {[%emt 00:01:00]} 29. h4 {[%clk 01:11:03]} {[%emt 00:00:55]}
Rh1+ {[%clk 00:55:03]} {[%emt 00:01:10]} 30. Kg3 {[%clk 01:11:05]} {[%emt
00:00:29]} Nf3 {[%clk 00:53:09]} {[%emt 00:02:14]} 31. Kf2 {[%clk 01:10:44]}
{[%emt 00:01:00]} Rh2+ {[%clk 00:53:19]} {[%emt 00:00:20]} 32. Kf1 {[%clk
01:10:51]} {[%emt 00:00:22]} Rxc2 {[%clk 00:53:01]} {[%emt 00:00:51]} 33. axb5
{[%clk 01:10:54]} {[%emt 00:00:27]} Be4 {[%clk 00:53:00]} {[%emt 00:00:30]} 34.
g5 {[%clk 01:10:33]} {[%emt 00:00:51]} Bd3# {[%clk 00:52:44]} {[%emt 00:00:11]}
0-1

[Event "DEM U10w 2021"]
[Site "Willingen GER"]
[Date "2021.08.23"]
[Round "2"]
[White "Frydel, Helena"]
[Black "Guliyeva, Zahra"]
[Result "0-1"]
[Termination "normal"]
[Board "16"]
[WhiteElo "966"]
[BlackElo "783"]
[WhiteClock "01:13:56"]
[BlackClock "01:16:16"]
[PlyCount "22"]
[WhiteFideId "16266536"]
[BlackFideId "34630198"]
[EventCountry "GER"]
[EventRounds "11"]
[EventType "swiss"]
[EventDate "2021.08.22"]

1. e4 {[%clk 01:15:58]} {[%emt 00:00:02]} e5 {[%clk 01:15:43]} {[%emt
00:00:18]} 2. Nf3 {[%clk 01:16:22]} {[%emt 00:00:06]} Nc6 {[%clk 01:16:00]}
{[%emt 00:00:09]} 3. Nc3 {[%clk 01:16:31]} {[%emt 00:00:24]} Nf6 {[%clk
01:16:22]} {[%emt 00:00:08]} 4. d4 {[%clk 01:16:55]} {[%emt 00:00:06]} d5
{[%clk 01:16:36]} {[%emt 00:00:15]} 5. dxe5 {[%clk 01:16:31]} {[%emt 00:00:54]}
dxe4 {[%clk 01:16:10]} {[%emt 00:00:57]} 6. exf6 {[%emt 00:00:31]} exf3 {[%emt
00:00:11]} 7. fxg7 {[%clk 01:16:08]} {[%emt 00:00:11]} Bxg7 {[%clk 01:16:00]}
{[%emt 00:00:30]} 8. Qxf3 {[%clk 01:16:26]} {[%emt 00:00:23]} O-O {[%clk
01:16:01]} {[%emt 00:00:26]} 9. Qg3 {[%clk 01:16:19]} {[%emt 00:00:38]} Qe7+
{[%clk 01:16:00]} {[%emt 00:00:25]} 10. Be2 {[%clk 01:15:41]} {[%emt 00:01:15]}
Re8 {[%clk 01:16:16]} {[%emt 00:00:14]} 11. Nd5 {[%clk 01:13:56]} {[%emt
00:01:24]} Qxe2# {[%emt 00:08:14]} 0-1

[Event "DEM U10w 2021"]
[Site "Willingen GER"]
[Date "2021.08.23"]
[Round "2"]
[White "Kühne, Malin"]
[Black "Marrufo, Leandra"]
[Result "1-0"]
[Termination "normal"]
[Board "17"]
[WhiteElo "938"]
[BlackElo "755"]
[WhiteClock "01:09:34"]
[BlackClock "00:34:24"]
[PlyCount "51"]
[WhiteFideId "34619747"]
[BlackFideId "34630260"]
[EventCountry "GER"]
[EventRounds "11"]
[EventType "swiss"]
[EventDate "2021.08.22"]

1. e4 {[%clk 01:15:57]} {[%emt 00:00:03]} e5 {[%clk 01:15:50]} {[%emt
00:00:10]} 2. Nf3 {[%clk 01:16:20]} {[%emt 00:00:06]} Nc6 {[%clk 01:16:06]}
{[%emt 00:00:15]} 3. Bc4 {[%clk 01:16:35]} {[%emt 00:00:15]} Bc5 {[%clk
01:15:51]} {[%emt 00:00:44]} 4. c3 {[%clk 01:16:47]} {[%emt 00:00:19]} Nf6
{[%clk 01:13:50]} {[%emt 00:02:29]} 5. d3 {[%clk 01:17:01]} {[%emt 00:00:16]}
O-O {[%clk 01:13:52]} {[%emt 00:00:28]} 6. a4 {[%clk 01:17:16]} {[%emt
00:00:16]} d6 {[%clk 01:12:06]} {[%emt 00:02:12]} 7. b4 {[%clk 01:17:19]}
{[%emt 00:00:32]} Bd7 {[%clk 01:11:47]} {[%emt 00:00:45]} 8. bxc5 {[%clk
01:14:56]} {[%emt 00:02:56]} dxc5 {[%clk 01:08:45]} {[%emt 00:03:30]} 9. O-O
{[%clk 01:13:49]} {[%emt 00:00:38]} Bg4 {[%clk 01:08:13]} {[%emt 00:02:02]} 10.
Be3 {[%clk 01:13:45]} {[%emt 00:00:35]} Bxf3 {[%clk 01:05:37]} {[%emt
00:02:54]} 11. Qxf3 {[%clk 01:13:48]} {[%emt 00:00:38]} Ne7 {[%clk 00:59:33]}
{[%emt 00:06:35]} 12. Bxc5 {[%emt 00:03:50]} Ng6 {[%clk 00:44:07]} {[%emt
00:12:52]} 13. Bxf8 {[%emt 00:01:04]} Qxf8 {[%emt 00:00:29]} 14. d4 {[%clk
01:12:11]} {[%emt 00:00:17]} exd4 {[%clk 00:43:04]} {[%emt 00:01:33]} 15. cxd4
{[%clk 01:12:31]} {[%emt 00:00:10]} a6 {[%clk 00:42:06]} {[%emt 00:01:26]} 16.
e5 {[%clk 01:12:45]} {[%emt 00:00:17]} Ne8 {[%clk 00:41:20]} {[%emt 00:01:08]}
17. Nc3 {[%clk 01:12:54]} {[%emt 00:00:29]} c6 {[%clk 00:39:57]} {[%emt
00:01:52]} 18. Bd3 {[%clk 01:12:24]} b5 {[%clk 00:39:57]} 19. axb5 {[%clk
01:12:24]} cxb5 {[%clk 00:40:17]} {[%emt 00:01:49]} 20. Qxa8 {[%clk 01:12:07]}
b4 {[%clk 00:39:47]} 21. Nd5 {[%clk 01:12:07]} a5 {[%clk 00:39:47]} {[%emt
00:02:09]} 22. Qxa5 {[%clk 01:09:28]} b3 {[%clk 00:39:47]} 23. Qb4 {[%clk
01:09:28]} Ne7 {[%clk 00:34:57]} {[%emt 00:10:00]} 24. Nxe7+ {[%emt 00:00:47]}
Kh8 {[%clk 00:34:47]} {[%emt 00:00:13]} 25. Ng6+ {[%clk 01:09:07]} {[%emt
00:00:30]} Kg8 {[%clk 00:34:24]} {[%emt 00:00:41]} 26. Qxf8# {[%clk 01:09:34]}
{[%emt 00:00:15]} 1-0

[Event "DEM U10w 2021"]
[Site "Willingen GER"]
[Date "2021.08.23"]
[Round "2"]
[White "Funke, Luise"]
[Black "Dominick, Johanna"]
[Result "0-1"]
[Termination "normal"]
[Board "18"]
[WhiteElo "737"]
[BlackElo "936"]
[WhiteClock "01:10:20"]
[BlackClock "00:56:41"]
[PlyCount "116"]
[WhiteFideId "34623752"]
[BlackFideId "16296532"]
[EventCountry "GER"]
[EventRounds "11"]
[EventType "swiss"]
[EventDate "2021.08.22"]

1. e4 {[%clk 01:15:59]} {[%emt 00:00:02]} d5 {[%clk 01:15:54]} {[%emt
00:00:05]} 2. e5 {[%clk 01:16:20]} {[%emt 00:00:10]} Bf5 {[%clk 01:16:13]}
{[%emt 00:00:09]} 3. Nf3 {[%clk 01:16:40]} {[%emt 00:00:13]} e6 {[%clk
01:16:29]} {[%emt 00:00:11]} 4. Bb5+ {[%clk 01:16:59]} {[%emt 00:00:14]} Nc6
{[%clk 01:16:47]} {[%emt 00:00:08]} 5. Nc3 {[%clk 01:17:19]} {[%emt 00:00:14]}
Bb4 {[%emt 00:00:43]} 6. a3 {[%emt 00:00:14]} Ba5 {[%clk 01:16:11]} {[%emt
00:00:05]} 7. b4 {[%clk 01:17:32]} {[%emt 00:00:20]} Bb6 {[%clk 01:16:29]}
{[%emt 00:00:06]} 8. O-O {[%clk 01:17:46]} {[%emt 00:00:23]} Nge7 {[%clk
01:16:21]} {[%emt 00:00:30]} 9. d4 {[%clk 01:17:45]} {[%emt 00:00:38]} O-O
{[%clk 01:16:16]} {[%emt 00:00:31]} 10. Bg5 {[%clk 01:18:00]} {[%emt 00:00:20]}
h6 {[%clk 01:16:09]} {[%emt 00:00:33]} 11. Bh4 {[%clk 01:18:24]} {[%emt
00:00:09]} Bg4 {[%clk 01:16:14]} {[%emt 00:00:13]} 12. h3 {[%clk 01:18:53]}
{[%emt 00:00:12]} Bh5 {[%clk 01:16:22]} {[%emt 00:00:10]} 13. Re1 {[%clk
01:19:06]} {[%emt 00:00:31]} Nxd4 {[%clk 01:15:49]} {[%emt 00:00:57]} 14. Nxd4
{[%clk 01:19:23]} {[%emt 00:00:18]} Bxd1 {[%clk 01:16:09]} {[%emt 00:00:09]}
15. Rexd1 {[%clk 01:19:30]} {[%emt 00:00:24]} c6 {[%clk 01:16:01]} {[%emt
00:00:33]} 16. Ba4 {[%clk 01:19:45]} {[%emt 00:00:20]} c5 {[%clk 01:16:07]}
{[%emt 00:00:18]} 17. Nf3 {[%clk 01:19:51]} {[%emt 00:00:29]} d4 {[%clk
01:15:31]} {[%emt 00:01:02]} 18. Ne2 {[%clk 01:20:14]} {[%emt 00:00:12]} c4
{[%clk 01:14:03]} {[%emt 00:01:53]} 19. Ng3 {[%clk 01:20:22]} {[%emt 00:00:28]}
d3 {[%clk 01:13:34]} {[%emt 00:00:55]} 20. cxd3 {[%clk 01:20:35]} {[%emt
00:00:19]} cxd3 {[%emt 00:00:14]} 21. Bb5 {[%emt 00:02:56]} Bxf2+ {[%clk
01:09:26]} {[%emt 00:01:20]} 22. Kxf2 {[%clk 01:20:54]} {[%emt 00:00:18]} Qb6+
{[%clk 01:09:34]} {[%emt 00:00:11]} 23. Kf1 {[%clk 01:21:13]} {[%emt 00:00:22]}
Qxb5 {[%clk 01:09:39]} {[%emt 00:00:12]} 24. Bxe7 {[%clk 01:21:32]} {[%emt
00:00:23]} Rfe8 {[%clk 01:09:45]} {[%emt 00:00:18]} 25. Bd6 {[%clk 01:21:19]}
{[%emt 00:00:50]} d2+ {[%clk 01:09:34]} {[%emt 00:00:36]} 26. Kg1 {[%clk
01:21:31]} {[%emt 00:00:23]} Qb6+ {[%clk 01:08:55]} {[%emt 00:00:58]} 27. Kf1
{[%clk 01:21:57]} {[%emt 00:00:15]} f6 {[%clk 01:07:39]} {[%emt 00:01:40]} 28.
Bc5 {[%clk 01:22:08]} {[%emt 00:00:25]} Qb5+ {[%clk 01:06:56]} {[%emt
00:01:02]} 29. Kg1 {[%clk 01:22:33]} {[%emt 00:00:16]} Qd3 {[%clk 01:06:35]}
{[%emt 00:00:43]} 30. Rxd2 {[%clk 01:22:20]} {[%emt 00:00:51]} Qg6 {[%clk
01:06:14]} {[%emt 00:00:45]} 31. Kh2 {[%clk 01:22:27]} {[%emt 00:00:29]} Red8
{[%emt 00:00:44]} 32. Rad1 {[%emt 00:00:37]} Rxd2 {[%clk 01:04:42]} {[%emt
00:00:34]} 33. Nxd2 {[%clk 01:22:48]} {[%emt 00:00:15]} Qc2 {[%clk 01:04:24]}
{[%emt 00:00:41]} 34. Re1 {[%clk 01:22:48]} {[%emt 00:00:38]} Qxd2 {[%clk
01:04:24]} {[%emt 00:00:21]} 35. Re2 {[%clk 01:23:14]} {[%emt 00:00:13]} Qd8
{[%clk 01:03:39]} {[%emt 00:01:04]} 36. Re4 {[%clk 01:22:15]} {[%emt 00:01:41]}
f5 {[%clk 01:03:35]} {[%emt 00:00:27]} 37. Rd4 {[%clk 01:22:34]} {[%emt
00:00:17]} Qg5 {[%clk 01:03:16]} {[%emt 00:00:39]} 38. Rd7 {[%clk 01:21:19]}
{[%emt 00:01:56]} b6 {[%clk 01:02:37]} {[%emt 00:01:04]} 39. Be7 {[%clk
01:21:24]} {[%emt 00:00:29]} Qc1 {[%clk 01:02:32]} {[%emt 00:00:28]} 40. Bh4
{[%clk 01:20:34]} {[%emt 00:01:28]} f4 {[%clk 01:02:27]} {[%emt 00:00:30]} 41.
Nh5 {[%clk 01:20:40]} {[%emt 00:00:27]} Rc8 {[%clk 01:02:07]} {[%emt 00:00:46]}
42. Rxg7+ {[%clk 01:20:32]} {[%emt 00:00:44]} Kh8 {[%clk 01:01:28]} {[%emt
00:01:00]} 43. Bf6 {[%clk 01:19:07]} {[%emt 00:02:04]} Rg8 {[%clk 00:59:43]}
{[%emt 00:02:05]} 44. Rd7+ {[%clk 01:18:07]} {[%emt 00:01:41]} Rg7 {[%clk
00:59:35]} {[%emt 00:00:32]} 45. Bxg7+ {[%clk 01:18:20]} {[%emt 00:00:22]} Kh7
{[%clk 00:59:46]} {[%emt 00:00:13]} 46. Nf6+ {[%clk 01:18:30]} {[%emt
00:00:26]} Kg6 {[%clk 00:59:45]} {[%emt 00:00:17]} 47. Bh8 {[%clk 01:17:15]}
{[%emt 00:01:59]} Kf5 {[%clk 00:59:37]} {[%emt 00:00:31]} 48. Rd4 {[%clk
01:16:09]} {[%emt 00:01:44]} Kg5 {[%clk 00:58:55]} {[%emt 00:01:03]} 49. Ne4+
{[%clk 01:15:14]} {[%emt 00:01:32]} Kf5 {[%clk 00:58:41]} {[%emt 00:00:38]} 50.
Nd6+ {[%clk 01:15:05]} {[%emt 00:00:47]} Kg6 {[%clk 00:58:47]} {[%emt
00:00:14]} 51. h4 {[%clk 01:10:19]} {[%emt 00:05:24]} Qe3 {[%clk 00:58:25]}
{[%emt 00:00:45]} 52. Re4 {[%clk 01:09:37]} {[%emt 00:01:20]} Qg3+ {[%clk
00:58:31]} {[%emt 00:00:15]} 53. Kg1 {[%clk 01:09:49]} {[%emt 00:00:26]} f3
{[%clk 00:58:16]} {[%emt 00:00:38]} 54. Kf1 {[%clk 01:09:53]} {[%emt 00:00:34]}
Qxg2+ {[%emt 00:00:19]} 55. Ke1 {[%emt 00:00:22]} f2+ {[%clk 00:57:47]} {[%emt
00:00:11]} 56. Kd1 {[%clk 01:10:13]} {[%emt 00:00:16]} f1=Q+ {[%emt 00:00:21]}
57. Re1 {[%emt 00:00:14]} Qge2+ {[%clk 00:57:19]} {[%emt 00:00:16]} 58. Kc1
{[%clk 01:10:20]} {[%emt 00:00:30]} Qfxe1# {[%clk 00:56:41]} {[%emt 00:00:18]}
0-1

[Event "DEM U10w 2021"]
[Site "Willingen GER"]
[Date "2021.08.23"]
[Round "2"]
[White "Tu, Audrey"]
[Black "Ruddat, Maila"]
[Result "1-0"]
[Termination "normal"]
[Board "19"]
[WhiteElo "913"]
[BlackElo "729"]
[WhiteClock "00:58:59"]
[BlackClock "00:22:57"]
[PlyCount "91"]
[WhiteFideId "34628568"]
[BlackFideId "34628100"]
[EventCountry "GER"]
[EventRounds "11"]
[EventType "swiss"]
[EventDate "2021.08.22"]

1. e4 {[%clk 01:15:55]} {[%emt 00:00:04]} e5 {[%clk 01:15:43]} {[%emt
00:00:17]} 2. Nf3 {[%clk 01:16:20]} {[%emt 00:00:06]} Nc6 {[%clk 01:15:37]}
{[%emt 00:00:36]} 3. Bc4 {[%clk 01:16:38]} {[%emt 00:00:11]} Bc5 {[%clk
01:14:31]} {[%emt 00:01:36]} 4. O-O {[%emt 00:00:50]} Nf6 {[%clk 01:14:16]}
{[%emt 00:00:02]} 5. d3 {[%clk 01:17:21]} {[%emt 00:00:09]} d6 {[%clk
01:13:26]} {[%emt 00:01:21]} 6. c3 {[%clk 01:17:31]} {[%emt 00:00:20]} O-O
{[%clk 01:13:35]} {[%emt 00:00:20]} 7. Nbd2 {[%clk 01:17:43]} {[%emt 00:00:18]}
Be6 {[%clk 01:12:32]} {[%emt 00:01:33]} 8. Re1 {[%clk 01:17:03]} {[%emt
00:01:10]} Bxc4 {[%clk 01:06:47]} {[%emt 00:06:15]} 9. dxc4 {[%clk 01:16:28]}
{[%emt 00:01:06]} Ne7 {[%clk 01:06:01]} {[%emt 00:01:14]} 10. Nf1 {[%clk
01:16:14]} {[%emt 00:00:41]} c6 {[%clk 01:05:04]} {[%emt 00:01:31]} 11. Ng3
{[%clk 01:12:58]} {[%emt 00:03:45]} d5 {[%clk 01:03:30]} {[%emt 00:02:05]} 12.
cxd5 {[%clk 01:11:19]} {[%emt 00:02:08]} cxd5 {[%clk 01:03:28]} {[%emt
00:00:31]} 13. exd5 {[%clk 01:10:51]} {[%emt 00:00:59]} Qxd5 {[%clk 01:03:09]}
{[%emt 00:00:49]} 14. Qxd5 {[%clk 01:10:59]} {[%emt 00:00:24]} Nexd5 {[%clk
01:03:05]} {[%emt 00:00:32]} 15. Nxe5 {[%clk 01:09:57]} {[%emt 00:01:32]} Rfe8
{[%clk 01:02:41]} {[%emt 00:00:53]} 16. Nf3 {[%clk 01:09:28]} {[%emt 00:01:01]}
Rxe1+ {[%clk 01:00:14]} {[%emt 00:02:51]} 17. Nxe1 {[%clk 01:09:51]} {[%emt
00:00:11]} Re8 {[%clk 00:59:10]} {[%emt 00:01:34]} 18. Bg5 {[%clk 01:09:01]}
{[%emt 00:01:22]} h6 {[%clk 00:58:40]} {[%emt 00:00:59]} 19. Bxf6 {[%clk
01:08:14]} {[%emt 00:01:18]} Nxf6 {[%clk 00:56:54]} {[%emt 00:02:15]} 20. b4
{[%clk 01:07:35]} {[%emt 00:01:11]} Bd6 {[%clk 00:56:44]} {[%emt 00:00:37]} 21.
Nf3 {[%clk 01:05:54]} {[%emt 00:02:13]} Bxg3 {[%clk 00:56:44]} {[%emt
00:00:30]} 22. fxg3 {[%clk 01:05:10]} {[%emt 00:01:15]} Ng4 {[%clk 00:56:04]}
{[%emt 00:01:10]} 23. Re1 {[%clk 01:02:23]} {[%emt 00:03:17]} Rxe1+ {[%emt
00:00:52]} 24. Nxe1 {[%emt 00:00:37]} g5 {[%emt 00:01:13]} 25. h3 {[%emt
00:00:32]} Nf6 {[%emt 00:01:06]} 26. Nd3 {[%emt 00:01:57]} Ne4 {[%clk
00:55:16]} {[%emt 00:01:38]} 27. c4 {[%clk 01:02:13]} {[%emt 00:00:41]} Nxg3
{[%clk 00:54:04]} {[%emt 00:01:41]} 28. c5 {[%clk 01:01:09]} {[%emt 00:01:35]}
Ne2+ {[%clk 00:51:25]} {[%emt 00:03:08]} 29. Kf2 {[%clk 01:00:26]} {[%emt
00:01:13]} Nc3 {[%clk 00:50:14]} {[%emt 00:01:43]} 30. a3 {[%clk 01:00:20]}
{[%emt 00:00:36]} Ne4+ {[%clk 00:49:28]} {[%emt 00:01:57]} 31. Kg1 {[%clk
01:00:33]} {[%emt 00:00:34]} h5 {[%clk 00:48:07]} {[%emt 00:01:47]} 32. a4
{[%clk 00:59:13]} {[%emt 00:01:55]} g4 {[%clk 00:47:08]} {[%emt 00:01:27]} 33.
hxg4 {[%clk 00:59:00]} {[%emt 00:00:43]} hxg4 {[%clk 00:45:01]} {[%emt
00:02:37]} 34. a5 {[%clk 00:58:51]} {[%emt 00:00:39]} b6 {[%clk 00:42:52]}
{[%emt 00:06:46]} 35. cxb6 {[%clk 00:58:25]} {[%emt 00:02:16]} axb6 {[%clk
00:42:39]} {[%emt 00:00:44]} 36. a6 {[%emt 00:02:01]} Kg7 {[%clk 00:40:22]}
{[%emt 00:01:01]} 37. a7 {[%clk 00:58:57]} {[%emt 00:00:13]} b5 {[%clk
00:38:55]} {[%emt 00:01:57]} 38. a8=Q {[%clk 00:59:13]} {[%emt 00:00:14]} Nd6
{[%clk 00:37:49]} {[%emt 00:01:31]} 39. Qd5 {[%clk 00:59:13]} {[%emt 00:00:36]}
Ne8 {[%clk 00:33:24]} {[%emt 00:04:53]} 40. Qxb5 {[%clk 00:58:29]} {[%emt
00:01:16]} Nf6 {[%clk 00:30:07]} {[%emt 00:02:47]} 41. Qg5+ {[%clk 00:58:27]}
{[%emt 00:01:31]} Kf8 {[%clk 00:28:37]} {[%emt 00:02:00]} 42. Qxf6 {[%clk
00:58:41]} {[%emt 00:00:15]} g3 {[%clk 00:26:54]} {[%emt 00:02:15]} 43. b5
{[%clk 00:58:36]} {[%emt 00:00:35]} Ke8 {[%clk 00:25:27]} {[%emt 00:01:47]} 44.
b6 {[%clk 00:58:53]} {[%emt 00:00:23]} Kd7 {[%clk 00:23:43]} {[%emt 00:02:13]}
45. Qxf7+ {[%clk 00:58:45]} {[%emt 00:00:39]} Kc6 {[%clk 00:22:57]} {[%emt
00:01:16]} 46. b7 {[%clk 00:58:59]} {[%emt 00:00:16]} 1-0

[Event "DEM U10w 2021"]
[Site "Willingen GER"]
[Date "2021.08.24"]
[Round "3"]
[White "Czäczine, Paula"]
[Black "Heidtkamp, Anna"]
[Result "1-0"]
[Termination "normal"]
[Board "1"]
[WhiteElo "1127"]
[BlackElo "1132"]
[WhiteClock "00:48:54"]
[BlackClock "00:13:56"]
[PlyCount "49"]
[WhiteFideId "16249305"]
[BlackFideId "16269012"]
[EventCountry "GER"]
[EventRounds "11"]
[EventType "swiss"]
[EventDate "2021.08.22"]

1. e4 {[%clk 01:15:55]} {[%emt 00:00:04]} e5 {[%clk 01:15:49]} {[%emt
00:00:11]} 2. Nf3 {[%clk 01:16:17]} {[%emt 00:00:08]} Nc6 {[%clk 01:16:12]}
{[%emt 00:00:07]} 3. d4 {[%clk 01:16:40]} {[%emt 00:00:07]} exd4 {[%clk
01:16:33]} {[%emt 00:00:10]} 4. Nxd4 {[%clk 01:16:58]} {[%emt 00:00:10]} Bc5
{[%clk 01:16:38]} {[%emt 00:00:27]} 5. Be3 {[%clk 01:17:12]} {[%emt 00:00:15]}
Bxd4 {[%clk 01:03:06]} {[%emt 00:14:02]} 6. Bxd4 {[%clk 01:17:25]} {[%emt
00:00:17]} Nxd4 {[%clk 01:00:36]} {[%emt 00:03:00]} 7. Qxd4 {[%clk 01:17:42]}
{[%emt 00:00:12]} Nf6 {[%clk 00:56:35]} {[%emt 00:04:32]} 8. e5 {[%clk
01:16:22]} {[%emt 00:01:50]} Qe7 {[%clk 00:56:15]} {[%emt 00:00:49]} 9. Be2
{[%clk 01:16:29]} {[%emt 00:00:25]} c5 {[%clk 00:51:46]} {[%emt 00:04:59]} 10.
exf6 {[%clk 01:12:13]} {[%emt 00:04:45]} Qxe2+ {[%clk 00:51:01]} {[%emt
00:01:14]} 11. Kxe2 {[%clk 01:12:36]} {[%emt 00:00:08]} cxd4 {[%clk 00:51:19]}
{[%emt 00:00:13]} 12. fxg7 {[%clk 01:12:45]} {[%emt 00:00:20]} Rg8 {[%clk
00:51:39]} {[%emt 00:00:10]} 13. Re1 {[%clk 01:12:22]} {[%emt 00:00:53]} Rxg7
{[%clk 00:47:53]} {[%emt 00:04:16]} 14. Kf1+ {[%clk 01:11:30]} {[%emt
00:01:22]} Kf8 {[%clk 00:46:54]} {[%emt 00:01:29]} 15. Nd2 {[%clk 01:09:57]}
{[%emt 00:02:04]} d6 {[%clk 00:44:43]} {[%emt 00:02:41]} 16. Nf3 {[%clk
01:08:38]} {[%emt 00:01:48]} Rg4 {[%clk 00:39:14]} {[%emt 00:05:59]} 17. Rad1
{[%clk 01:07:59]} {[%emt 00:01:09]} Be6 {[%clk 00:33:33]} {[%emt 00:06:02]} 18.
Nxd4 {[%clk 01:05:46]} {[%emt 00:02:52]} Ke7 {[%clk 00:31:26]} {[%emt
00:02:36]} 19. Nf5+ {[%clk 01:04:26]} {[%emt 00:01:51]} Kf8 {[%clk 00:25:26]}
{[%emt 00:06:30]} 20. Nxd6 {[%clk 01:04:03]} {[%emt 00:00:52]} b6 {[%clk
00:24:46]} {[%emt 00:01:10]} 21. Re4 {[%clk 00:57:45]} {[%emt 00:06:50]} Rg6
{[%clk 00:20:17]} {[%emt 00:04:59]} 22. Red4 {[%clk 00:55:37]} {[%emt
00:02:38]} Rd8 {[%clk 00:17:28]} {[%emt 00:03:17]} 23. Nf5 {[%clk 00:49:01]}
{[%emt 00:07:06]} Rc8 {[%clk 00:14:00]} {[%emt 00:03:58]} 24. Rd8+ {[%clk
00:49:05]} {[%emt 00:00:27]} Rxd8 {[%clk 00:13:56]} {[%emt 00:00:34]} 25. Rxd8#
{[%clk 00:48:54]} {[%emt 00:00:08]} 1-0